000 00472nam a2200193Ia 4500
003 GCL
008 140319s9999 xx 000 0 eng d
040 _aGCL /
_cGCL
082 0 4 _a616.12
_bJ C
100 1 _aJULIAN, DESMOND .G
245 1 0 _aCARDIOLOGY /
_cJULIAN, DESMOND .G
700 1 _aCOWAN, CAMPBELL
260 _a[S.N] :
_bBAILLIERE TINDALL ،
_c1992
300 _a404 P
650 0 4 _aDIESES
650 0 4 _aMEDICINE
650 0 4 _aCARDIOLOGY
942 _2ddc
_cBK
999 _c12484
_d12484